• 首页
  • 本馆介绍
  • 公告通知
  • 最新文献
  • 馆藏检索
  • 电子资源
  • 读者导购
  • 参考咨询
  • 我的图书馆
  • 登录
  • 详细信息显示
  • 放入我的书架
  • 预约/预借图书
  • 作者相关作品
  • 分类相关作品
  • 丛书相关作品
  • 出版社相关作品

书目信息

  • 表格格式
  • 工作单格式
  • 卡片格式
题名:
英国军用飞机大全
    
 
作者: 西风 编著
分册:  
出版信息: 北京   中国市场出版社  2014
页数: 185页
开本: 23×24cm
丛书名:
单 册:
中图分类: E926.31
科图分类:
主题词: 歼击机--介绍--英国 , 歼击机
电子资源:
ISBN: 978-7-5092-1254-7
000 00842nam0 2200253 450
001 012015000289
005 20150914150420.62
010    @a978-7-5092-1254-7@dCNY66.00
100    @a20140918d2014 em y0chiy50 ea
101 0  @achi
102    @aCN@b110000
105    @aa z 000yy
106    @ar
200 1  @a英国军用飞机大全@Aying guo jun yong fei ji da quan@e从1914年到现代战机的发展历史@f西风编著
210    @a北京@c中国市场出版社@d2014
215    @a185页@c照片@d23×24cm
330    @a本书主要内容包括:阿芙罗公司、阿姆斯特朗·威特沃斯公司、爱维罗航空公司、博尔顿-保罗公司、布莱克本公司、布里斯托尔公司等。
517 1  @a从1914年到现代战机的发展历史
606 0  @a歼击机@x介绍@y英国
606 0  @a歼击机
690    @aE926.31@v5
701  0 @a西风@Axi feng@4编著
801  0 @aCN@b碧洲教育@c20150716
905    @a10447@f4@dE926.31@e37
    
    英国军用飞机大全:从1914年到现代战机的发展历史/西风编著.-北京:中国市场出版社,2014
    185页:照片;23×24cm
    
    
    ISBN 978-7-5092-1254-7:CNY66.00
    本书主要内容包括:阿芙罗公司、阿姆斯特朗·威特沃斯公司、爱维罗航空公司、博尔顿-保罗公司、布莱克本公司、布里斯托尔公司等。
●
相关链接 在E读中查询图书 在五车中查询图书 在当当中查询图书 在豆瓣中查询图书


正题名:英国军用飞机大全     索取号:E926.31/37         预约/预借

序号 登录号 条形码 馆藏地/架位号 状态 备注
1 0849884   208498847   第一样本阅览室/ [索取号:E926.31/37] 在馆    
2 0849885   208498856   第一借阅区/ [索取号:E926.31/37] 在馆    
3 0849886   208498865   第一借阅区/ [索取号:E926.31/37] 在馆    
4 0849887   208498874   第一借阅区/ [索取号:E926.31/37] 在馆    
唐山师范学院图书馆 欢迎您!
大连网信软件有限公司© 版权所有